Zadymiarze na literę ,,S'' Brawl stars 2024 - Statystyki

Ogólne statystyki
  • Ten quiz został rozwiązany 252 razy
  • Średni wynik to 4 z 7
Statystyki odpowiedzi
Rzadkość Zadymiarze na ,,S'' % Poprawnych
Podstawowy Shelly
95%
Legendarny Sandy
85%
Legendarny Spike
79%
Legendarny Surge
66%
Epicki Sam
50%
Mityczny Squeak
27%
Epicki Stu
24%
Nie znaleziono quizów pasujących do podanych kryteriów
Rozkład punktacji
Procent ludzi z każdym wynikiem
Percentyl według liczby udzielonych odpowiedzi
Twoja historia wyników
Nie rozwiązałeś tego quizu